Jogou k zdraviu

Na minha lista:
Detalhes bibliográficos
Autor principal: Schenková, Emília
Autor Corporativo: Ekonomická univerzita v Bratislave. Centrum telesnej výchovy a športu
Formato: Livro
Idioma:eslovaco
Publicado em: Bratislava Vydavateľstvo Ekonóm 2001
Assuntos:
Tags: Adicionar Tag
Sem tags, seja o primeiro a adicionar uma tag!

MARC

LEADER 00000nam a2200000 4500
001 c127539
005 20221124101640.0
020 |a 80-225-1395-4 
041 0 |a slo 
044 |a SK 
245 1 0 |a Jogou k zdraviu  |c Emília Schenková 
264 1 |a Bratislava  |b Vydavateľstvo Ekonóm  |c 2001 
300 |a 88 s. 
610 2 0 |a zdravie 
610 2 0 |a šport 
100 1 |a Schenková, Emília 
710 2 |a Ekonomická univerzita v Bratislave. Centrum telesnej výchovy a športu